Statistics for Oslo islands in the Oslofjord on a map

Click here to take the quiz!

General Stats

  • This quiz has been taken 34 times
  • The average score is 6 of 16

Answers on the Map

Answers color-coded by a green-red scale on the quiz's map according to % correct below.
 

Answer Stats

Îles% Correct
Hovedøya
88%
Langøya
71%
Gressholmen
67%
Lindøya
63%
Ulvøya
58%
Malmøya
54%
Nakkholmen
54%
Bleikøya
29%
Ormøya
29%
Heggholmen
17%
Husbergøya
17%
Malmøykalven
17%
Nordre Skjælholmen
17%
Rambergøya
17%
Søndre Skjælholmen
17%
Tistilholmen
17%

Score Distribution

Percentile by Number Answered

Percent of People with Each Score

Your Score History

You have not taken this quiz